000 00516nas a22001577a 4500
003 OSt
005 20260420120434.0
008 260414b1983 |||eu||| |||| 00| 0 spa d
022 _a0251-1908
040 _aCHAP
110 _aFAO (Organización de las Naciones Unidas para la Agricultura y la Alimentación)
_9143830
245 _aIdeas & acción
260 _aRoma, It. :
_bCampaña mundial contra el ambre / Acción pro desarrollo
_c1983-
650 7 _aDesnutrición
_xPaises en desarrollo
_9188282
942 _2ddc
999 _c233176
_d233176